000
00279nam a2200121Ia 4500
100
_a
Dev/R./ Kumar/R.P
942
_c
BK
654
_a
Calculations & Science
245
_a
Workshop Calculations & Science
260
_b
New Heights
_a
New Delhi
082
_a
510
546
_a
ENGLISH
999
_c
29403
_d
29403